Score 0/24 Timer 03:00
1 Play Today
Character Missing Word % Correct
Sleeping _____Beauty
96.9%
Snow _____White
96.5%
_____ PanPeter
95.7%
_____ HookCaptain
95.4%
_____ CharmingPrince
94.8%
_____ GodmotherFairy
94%
Jiminy _____Cricket
92.6%
_____ De VilCruella
89.5%
Cheshire _____Cat
89%
_____ & PumbaaTimon
80.8%
Mad _____Hatter
78.1%
Friar _____Tuck
68.3%
Character Missing Word % Correct
_____ SmithJohn
58.8%
_____ BellTinker
57.9%
Shere _____Khan
57.2%
Flotsam & _____Jetsam
52%
Flynn _____Rider
39.8%
_____ RobinChristopher
39.8%
_____ GothelMother
31.4%
_____ MimMadam
25.9%
_____ FaGrandmother/Mulan
24.5%
_____ Hat GuyBowler
13.2%
Milo James _____Thatch
12.5%
_____ OdieMama
12.4%

Today's Daily Dose

Remove Ads.
Support Sporcle.
Get the best of Sporcle when you Go Orange. This ad-free experience offers more features, more stats, and more fun while also helping to support Sporcle. Thank you for becoming a member.

You're not logged in!

Compare scores with friends on all Sporcle quizzes.
OR
Log In

Show Comments

Extras

Top Quizzes Today


Score Distribution

Your Account Isn't Verified!

In order to create a playlist on Sporcle, you need to verify the email address you used during registration. Go to your Sporcle Settings to finish the process.

Report this User

Report this user for behavior that violates our Community Guidelines.

Details: